One Lyon Player by Nation - Statistics

General Stats
  • This quiz has been taken 883 times
    113 since last reset
  • The average score is 11 of 17
Answer Stats
Nation Player % Correct
France Grégory Coupet | Alexandre Lacazette | Sidney Govou | +185 others
100%
Brazil Juninho | Cris | Caçapa | +24 others
98%
Argentina Lisandro López | César Delgado | Nicolás Tagliafico | +4 others
81%
Portugal Anthony Lopes | Tiago Mendes | Miguel Lopes | +2 others
79%
Algeria Ali Bouafia | Rachid Ghezzal | Yassine Benzia | +8 others
75%
Netherlands Memphis Depay | Kenny Tete | Ruben Kluivert | +1 other
75%
Belgium Éric Deflandre | Jason Denayer | Malick Fofana | +1 other
71%
Cameroon Romarin Billong | Henri Bedimo | Karl Toko Ekambi | +5 others
70%
Italy Fabio Grosso | Emerson Palmieri | Mattia De Sciglio
64%
Switzerland Patrick Müller | Marco Grassi | Xherdan Shaqiri
62%
Ghana Michael Essien | Abédi Pelé | John Mensah | +1 other
57%
Serbia Milan Biševac | Nemanja Matić | Miloš Bursać
54%
Germany Jérôme Boateng | Thomas Pfannkuch | Julian Pollersbeck
53%
Ivory Coast Maxwel Cornet | Abdul Kader Keïta | Sinaly Diomande | +2 others
53%
Senegal Lamine Diatta | Pape Diakhaté | Lamine Gassama | +3 others
50%
Mali Mahamadou Diarra | Frédéric Kanouté | Habib Keita | +1 other
45%
Spain Sergi Darder | Alfonso Fernandez | Marc Crosas
45%
No matching quizzes found
Score Distribution
Percent of People with Each Score
Percentile by Number Answered
Your Score History
You have not taken this quiz since the last reset